000 00549nam a2200229Ia 4500
005 20250425160739.0
008 250425s9999 xx 000 0 und d
020 _a8479531878
041 _aspa
082 _a158
100 _aDILTS, ROBERT B.
245 0 _aAPRENDIZAJE DINAMICO CON PNL
250 _a1A ED.
260 _aBARCELONA
260 _aEspaƱa
_bURANO
_c1997
300 _a398
650 _aAPRENDIZAJE DINAMICO
650 _aPROGRAMACION NEUROLINGUISTICA
650 _aPSICOLOGIA APLICADA
942 _c01
010 _a4304
999 _c195344
_d195344